| 000 | 00827cam a2200253 4500 | ||
|---|---|---|---|
| 003 | OSt | ||
| 005 | 20260428170156.0 | ||
| 008 | 150721n 000 0 eng u | ||
| 020 | _a9783836523936 | ||
| 035 | _a(Sirsi) a191071 | ||
| 040 | _cFoundation University | ||
| 050 |
_aNB 60 _b.2010 S38 v.1 |
||
| 245 |
_aSculpture: _bfrom antiquity to the middle ages: _bfrom the eighth century BC to the fifteenth century/ _cedited by Georges Duby and Jean-Luc Daval |
||
| 260 |
_aLos Angeles: _bTaschen, _c2010 |
||
| 264 | _42010 | ||
| 300 |
_a544p.: _bill. _3books _fbooks |
||
| 336 | _an | ||
| 337 |
_an _bn |
||
| 338 |
_3n _an _bn |
||
| 650 |
_aSculpture, European _915597 |
||
| 700 |
_aDuby, Georges _913281 |
||
| 700 |
_aDaval, Jean-Luc _913282 |
||
| 942 |
_2lcc _cBK _h NB 60 _i.2010 S38 v.1 _k(DAFA-FA) |
||
| 999 |
_c5778 _d5778 |
||